| 000 | 00718nam a2200253Ia 4500 | ||
|---|---|---|---|
| 003 | OSt | ||
| 005 | 20221006143411.0 | ||
| 006 | a|||||r|||| 00| 0 | ||
| 007 | ta | ||
| 008 | 221006b |||||||| |||| 00| 0 eng d | ||
| 020 | _c250.14 | ||
| 024 | _a8,857 | ||
| 037 | _cTextual | ||
| 040 |
_aEASL _cEASL _beng |
||
| 041 |
_2eng _aeng |
||
| 082 | _aX.17.N83, M6 | ||
| 100 | _aLinder Staffan Burenstam | ||
| 245 | 0 |
_aPacific century _b Economic and political conseequences of Asian-Pacific dynamism |
|
| 260 |
_aStanford _bStanford University Press _c1986 |
||
| 300 |
_a154p. _ccm. |
||
| 490 | _v Oth | ||
| 942 |
_hX.17.N83, M6 _cTEXL _2CC |
||
| 999 |
_c1076943 _d1076943 |
||